000 00751nam a2200229Ii 4500
003 JO-AjNU
008 230605s9999||||xx |||||||||||||| ||und||
017 _a2012/14244
020 _a978-977-328-986-1
040 _aJO-AjNU
_bara
_erda
_cJO-AjNU
041 _aara
050 1 4 _aJX1395.2013
100 3 _a الجبوري، خلف رمضان محمد ,
_eauthor
_944293
245 0 0 _aدور المظمات الدولية فى تسوية المنازعات
250 _a(د،ط)
264 3 1 _aالاسكندرية : دار الجامعة الجديدة ، 2013
300 _a165ص
336 _atext
_btxt
_2rdacontent
337 _aunmediated
_bn
_2rdamedia
338 _avolume
_bnc
_2rdacarrier
650 4 _aعلاقات دولية
_944294
999 _aA19113
_c22681
_d22681